Unexpected Translations: English-Spanish II Quiz Stats

 Plays Quiz Updated Feb 29, 2016

Challenge
Share
Tweet
Embed
Score 0/16 Timer 05:00
0 Plays Today
English Meaning Word % Correct
Multi-sided cubes used in many board games dice
92.6%
1/10 of a dollar dime
89.7%
A condiment made of vinegar and egg yolk (abbr.)mayo
87.6%
A pastry, filled with fruit (US) or meat (UK)pie
86%
Number signified by the prefix deca-ten
85%
TV, radio, and/or newspaper media
83.7%
A discount event sale
78.4%
A multi-passenger vehicle van
77.5%
English Meaning Word % Correct
A rabbit-like mammal hare/haré
74.8%
A domesticated animal native to South Americallama
71.1%
An extended period of timeera
65.7%
A venomous snakecobra
62.8%
Amounts wagered to participate, as in card gamesantes
61.9%
To challenge (someone else) dare/daré
59.1%
A yellowish-brown color often used in reference to skin tonetan
58.4%
An area or establishmentplace
37.2%

You're not logged in!

Compare scores with friends on all Sporcle quizzes.
Join for Free
OR
Log In

You Might Also Like...

Show Comments

Extras

Top Quizzes Today


Score Distribution

Your Account Isn't Verified!

In order to create a playlist on Sporcle, you need to verify the email address you used during registration. Go to your Sporcle Settings to finish the process.

Report this User

Report this user for behavior that violates our Community Guidelines.

Details: